000 00620nam a2200205Ia 4500
005 20221114114539.0
008 131103s9999 xx 000 0 und d
040 _aLoreto College
041 _aEnglish
082 _a954.03
_b DOD
245 4 _aThe cambridge history of India Vol V
_b British India 1497 - 1858
_cedited by H.H.Dodwell
250 _a2nd Indian reprint
260 _aDelhi
_bS.Chand & Co.
_c1963
300 _aV.5 (xxii,690 p.)
504 _aIncludes index,bibliographical references
650 _aIndia - Modern History,1497 - 1858
700 _aDodwell,H.H.ed.
850 _aLCLIB
942 _cBK
999 _c9716
_d60195